Giá trị giáo dục của văn ký sự trong " Luận ngữ " và " Mạnh tử " Luận văn tốt nghiệp Đại học Sư phạm ngành Văn khóa 19

Gorde:
Xehetasun bibliografikoak
Egile nagusia: Nguyễn Nguyệt Nga
Formatua: Liburua
Hizkuntza:Undetermined
Argitaratua: Cần Thơ Trường Đại học Cần Thơ, Khoa Sư phạm, Bộ môn Ngữ văn 1997
Gaiak:
Etiketak: Etiketa erantsi
Etiketarik gabe, Izan zaitez lehena erregistro honi etiketa jartzen!
Thư viện lưu trữ: Trung tâm Học liệu Trường Đại học Cần Thơ
LEADER 00779nam a2200193Ia 4500
001 CTU_33394
008 210402s9999 xx 000 0 und d
082 |a 181.11 
082 |b Ng100/1997 
100 |a Nguyễn Nguyệt Nga 
245 0 |a Giá trị giáo dục của văn ký sự trong " Luận ngữ " và " Mạnh tử " 
245 0 |b Luận văn tốt nghiệp Đại học Sư phạm ngành Văn khóa 19 
245 0 |c Nguyễn Nguyệt Nga 
260 |a Cần Thơ 
260 |b Trường Đại học Cần Thơ, Khoa Sư phạm, Bộ môn Ngữ văn 
260 |c 1997 
650 |a confucius and confucianism 
904 |i Nguyễn Quang Điền, 991027 
980 |a Trung tâm Học liệu Trường Đại học Cần Thơ